| 000 | 00684cam a2200241 4500 | ||
|---|---|---|---|
| 008 | 090401t1997 xxu||||| |||| 00| 0 eng d | ||
| 020 | _a1860811906 | ||
| 035 | _a(Sirsi) u83323 | ||
| 041 | _aeng | ||
| 050 | _a690 | ||
| 110 | _aBuilding Research Establishment | ||
| 245 | _aLow-rise buildings on fill : classification and load-carrying characteristics. | ||
| 260 |
_aLondon _bConstruction Research Communications Ltd _c1997 |
||
| 300 | _a8p. : ill. ; 30cm. | ||
| 350 | _a0 | ||
| 490 |
_aBRE Digest _v427 part 1 |
||
| 650 | _aGROUND MOVEMENTS | ||
| 650 | _aLANDFILL | ||
| 650 | _aLOW RISE BUILDINGS | ||
| 690 | _aBUILT ENVIRONMENT | ||
| 942 | _n0 | ||
| 948 | _c27/01/1998 | ||
| 999 |
_c96886 _d96886 |
||